Search the Library Catalogue
| 000 -LEADER | |
|---|---|
| fixed length control field | 01678nam a2200169Ia 4500 |
| 008 - FIXED-LENGTH DATA ELEMENTS--GENERAL INFORMATION | |
| fixed length control field | 250719s9999 xx 000 0 und d |
| 020 ## - INTERNATIONAL STANDARD BOOK NUMBER | |
| ISBN | 9780306460883 |
| 082 ## - DEWEY DECIMAL CLASSIFICATION NUMBER | |
| Classification number | 939.37 |
| Item number | SIM |
| 100 ## - MAIN ENTRY--AUTHOR NAME | |
| Personal name | Simmons, Alan H. |
| 245 #0 - TITLE STATEMENT | |
| Title | Faunal Extinction in an Island Society |
| 260 ## - PUBLICATION, DISTRIBUTION, ETC. (IMPRINT) | |
| Name of publisher | Springer Science & Business Media |
| Year of publication | 1999 |
| 300 ## - PHYSICAL DESCRIPTION | |
| Number of Pages | 508 pages |
| 500 ## - GENERAL NOTE | |
| General note | The volume summarizes the results of interdisciplinary archaeological investigations at Aetokremnos which present the earliest well-supported evidence of humans in Cyprus and demonstrate the association of cultural remains with extinct endemic Pleistocene fauna. Alan Simmons shows that Aetokremnos is one of the few archaeological sites where a convincing argument can be made for human involvement in Pleistocene extinctions. Highlights of Faunal Extinction in an Island Society are chapters that place the Aetokremnos site within a broader context include specialist's reports that demonstrating the need for interdisciplinary contributions describe the chipped stone assemblage of a new culture delineate the huge faunal assemblage recovered, and detail how the site was dated. £/LIST£ Given the controversial nature of the subject matter, the volume will appeal to a wide readership including nonanthropological archaeologists trained in anthropological methods. Researchers and students who specialize in the Mediterranean and Near East as well as scholars interested in island colonization and adaptations, method and theory, Pleistocene extinctions, and interdisciplinary applications will all find much of value in this excellent text. |
| 650 ## - SUBJECT ADDED ENTRY--TOPICAL TERM | |
| Topical Term | History |
| 942 ## - ADDED ENTRY ELEMENTS (KOHA) | |
| Koha item type | English Books |
| Withdrawn status | Lost status | Damaged status | Not for loan | Home library | Current library | Shelving location | Date acquired | Full call number | Accession Number | Price effective from | Koha item type |
|---|---|---|---|---|---|---|---|---|---|---|---|
| Anna Centenary Library | Anna Centenary Library | 7TH FLOOR, B WING | 19.07.2025 | 939.37 SIM | 318100 | 19.07.2025 | English Books |